[Event "Saint Affrique op 22nd"]
[Site "Saint Affrique"]
[Date "2014.07.26"]
[Round "9.37"]
[White "Noireaut, Hoan"]
[Black "Grosse, Tomas"]
[Result "0-1"]
[WhiteElo "1674"]
[BlackElo "1627"]
[PlyCount "52"]
[EventDate "2014.07.19"]
[EventType "swiss"]
[EventRounds "9"]
[EventCountry "FRA"]
[SourceTitle "CBM 161 Extra"]
[Source "ChessBase"]
[SourceDate "2014.08.29"]
[SourceVersion "1"]
[SourceVersionDate "2014.08.29"]
[SourceQuality "1"]

1. e4 c5 2. d3 d6 3. g3 g6 4. Bg2 Bg7 5. Nc3 Nc6 6. Be3 e6 7. Qd2 Qb6 8. Rb1 Nd4 9. f4 Ne7 10. Nf3 Nec6 11. 0-0 0-0 12. Ne2 Nxe2+ 13. Qxe2 Nd4 14. Qd2 Bd7 15. Nh4 Qa6 16. c3 Nc6 17. f5 Ne5 18. Bh6 Qxd3 19. Qf4 Bxh6 20. Qxh6 Ng4 21. Qf4 Qe3+ 22. Qxe3 Nxe3 23. Rf2 Nxg2 24. Rxg2 exf5 25. exf5 g5 26. Nf3 Bxf5 0-1

[Event "Saint Affrique op 22nd"]
[Site "Saint Affrique"]
[Date "2014.07.19"]
[Round "1"]
[White "Noireaut, Hoan"]
[Black "Bernard, Elodie"]
[Result "1-0"]
[WhiteElo "1674"]
[BlackElo "1113"]
[PlyCount "51"]
[EventDate "2014.07.19"]
[EventType "swiss"]
[EventRounds "9"]
[EventCountry "FRA"]
[SourceTitle "CBM 161 Extra"]
[Source "ChessBase"]
[SourceDate "2014.08.29"]
[SourceVersion "1"]
[SourceVersionDate "2014.08.29"]
[SourceQuality "1"]

1. d4 d5 2. Bf4 Nc6 3. e3 Nf6 4. c3 e6 5. Bd3 Bd6 6. Bg3 0-0 7. Nf3 Re8 8. Nbd2 e5 9. dxe5 Bxe5 10. Nxe5 Nxe5 11. Bc2 c5 12. 0-0 d4 13. Bxe5 Rxe5 14. Nf3 Rd5 15. Bb3 Rd6 16. cxd4 cxd4 17. Nxd4 Be6 18. Bxe6 fxe6 19. Qb3 Qd7 20. Rfd1 Rd8 21. Rd3 Kf8 22. Rad1 e5 23. Ne6+ Ke7 24. Rxd6 Qc8 25. Nxd8 Ne8 26. Qf7# 1-0

[Event "Marseille op 5th"]
[Site "Marseille"]
[Date "2012.12.26"]
[Round "4"]
[White "Charvein, Gabriel"]
[Black "Noireaut, Hoan"]
[Result "1-0"]
[WhiteElo "1813"]
[BlackElo "1528"]
[PlyCount "71"]
[EventDate "2012.12.26"]
[EventType "swiss"]
[EventRounds "9"]
[EventCountry "FRA"]
[SourceTitle "EXT 2014"]
[Source "ChessBase"]
[SourceDate "2013.11.20"]
[SourceVersion "1"]
[SourceVersionDate "2013.11.20"]
[SourceQuality "1"]

1. d4 d6 2. e4 Nf6 3. Nc3 a6 4. f4 Bg4 5. Nf3 g6 6. h3 Bxf3 7. gxf3 Bg7 8. Be3 0-0 9. Qd2 Nbd7 10. f5 c5 11. fxg6 fxg6 12. Be2 b5 13. h4 Qc7 14. 0-0-0 b4 15. Bc4+ Kh8 16. Nd5 Nxd5 17. Bxd5 Rac8 18. h5 gxh5 19. Rxh5 Nf6 20. Rh3 cxd4 21. Bxd4 e5 22. Be3 Nxd5 23. exd5 Rf7 24. Qd3 Bf6 25. Rd2 Rb8 26. Qxa6 b3 27. axb3 Rxb3 28. c3 Rb7 29. Qc6 Qd8 30. Rg2 Qa8 31. Kb1 Qd8 32. Rhg3 Bg7 33. Qa6 e4 34. Rxg7 Rxg7 35. Bd4 exf3 36. Qxb7 1-0

[Event "Marseille op 5th"]
[Site "Marseille"]
[Date "2012.12.26"]
[Round "2"]
[White "Thomas, Apolline"]
[Black "Noireaut, Hoan"]
[Result "1-0"]
[WhiteElo "1775"]
[BlackElo "1528"]
[PlyCount "55"]
[EventDate "2012.12.26"]
[EventType "swiss"]
[EventRounds "9"]
[EventCountry "FRA"]
[SourceTitle "EXT 2014"]
[Source "ChessBase"]
[SourceDate "2013.11.20"]
[SourceVersion "1"]
[SourceVersionDate "2013.11.20"]
[SourceQuality "1"]

1. e4 c5 2. Nc3 d6 3. Bb5+ Bd7 4. Bxd7+ Nxd7 5. f4 Ngf6 6. Nf3 g6 7. 0-0 Bg7 8. d3 0-0 9. Qe1 e5 10. f5 Qc7 11. b3 a6 12. a4 Qc6 13. a5 d5 14. Nd2 b5 15. axb6 Nxb6 16. Kh1 Rfe8 17. exd5 Nfxd5 18. Nxd5 Nxd5 19. Ne4 Nf6 20. Nxf6+ Bxf6 21. Bb2 Re7 22. Qf2 g5 23. Rae1 Rae8 24. Re4 Kg7 25. Rfe1 Qd6 26. Ba3 Rc7 27. d4 Rec8 28. dxe5 1-0

[Event "Marseille op 4th"]
[Site "Marseille"]
[Date "2011.12.27"]
[Round "3"]
[White "Desmas, William"]
[Black "Noireaut, Hoan"]
[Result "1-0"]
[WhiteElo "1728"]
[BlackElo "1475"]
[PlyCount "47"]
[EventDate "2011.12.26"]
[EventType "swiss"]
[EventRounds "9"]
[EventCountry "FRA"]
[SourceTitle "CBM 146 Extra"]
[Source "ChessBase"]
[SourceDate "2012.02.29"]
[SourceVersion "1"]
[SourceVersionDate "2012.02.29"]
[SourceQuality "1"]

1. d4 Nf6 2. c4 d6 3. Nc3 g6 4. e4 Bg7 5. h3 0-0 6. Nf3 Nbd7 7. Be3 c5 8. d5 a6 9. Be2 Rb8 10. a3 Ne8 11. Qd2 Nc7 12. a4 Re8 13. Bh6 Bh8 14. Qf4 Ne5 15. h4 Bd7 16. h5 b5 17. Ng5 Bf6 18. Qh2 e6 19. Nxh7 Kxh7 20. hxg6+ Nxg6 21. Bf4+ Nh4 22. Bxd6 exd5 23. Bxc7 Qe7 24. Nxd5 1-0

[Event "Marseille op 4th"]
[Site "Marseille"]
[Date "2011.12.27"]
[Round "4"]
[White "Noireaut, Hoan"]
[Black "Roche, Alain"]
[Result "1/2-1/2"]
[WhiteElo "1475"]
[BlackElo "1430"]
[PlyCount "160"]
[EventDate "2011.12.26"]
[EventType "swiss"]
[EventRounds "9"]
[EventCountry "FRA"]
[SourceTitle "CBM 146 Extra"]
[Source "ChessBase"]
[SourceDate "2012.02.29"]
[SourceVersion "1"]
[SourceVersionDate "2012.02.29"]
[SourceQuality "1"]

1. d4 d5 2. Bf4 Nf6 3. e3 g6 4. Bd3 Bg7 5. Nf3 0-0 6. Nbd2 c6 7. h3 Nbd7 8. Ne5 Nh5 9. Bh2 Nxe5 10. Bxe5 c5 11. c3 cxd4 12. exd4 Qb6 13. Rb1 Bxe5 14. dxe5 Nf4 15. Bf1 Bf5 16. Ra1 f6 17. g3 Nd3+ 18. Bxd3 Bxd3 19. Nf3 Be4 20. 0-0 Qe6 21. Re1 Bxf3 22. Qxf3 fxe5 23. Qd1 Rac8 24. Qb3 b6 25. Rad1 Rcd8 26. h4 Qf5 27. Rf1 Qe6 28. Rfe1 Kg7 29. Re2 e4 30. Rde1 Qf5 31. Qa4 Rd7 32. Qb5 Rfd8 33. Rd1 Qf3 34. Red2 e6 35. c4 e3 36. fxe3 Qxg3+ 37. Kf1 Rf8+ 38. Ke2 Qg2+ 39. Kd3 Qe4+ 40. Kc3 Rfd8 41. cxd5 exd5 42. Rd4 Qxe3+ 43. R1d3 Qe5 44. Kb3 a5 45. a4 Rd6 46. Qa6 R8d7 47. Qc8 Rf7 48. Qc3 Kg8 49. h5 b5 50. h6 bxa4+ 51. Kxa4 Qe8+ 52. Ka3 Rc6 53. Qxa5 Qe7+ 54. Kb3 Rc5 55. Qa8+ Rf8 56. Qa3 Qb7+ 57. Rb4 Rb5 58. Qa4 Rb8 59. Rxb5 Qxb5+ 60. Qxb5 Rxb5+ 61. Kc3 Kf7 62. Rf3+ Ke6 63. Rf2 d4+ 64. Kxd4 Rh5 65. b4 Rxh6 66. b5 Kd6 67. Rf6+ Kc7 68. Kc5 Rh5+ 69. Kb4 g5 70. Ka5 g4 71. Ka6 Rh2 72. b6+ Kd7 73. Kb7 Ke7 74. Rf4 h5 75. Ra4 g3 76. Ka8 h4 77. b7 Rb2 78. Rxh4 Kf6 79. Rg4 Ra2+ 80. Kb8 g2 1/2-1/2

[Event "Marseille op 4th"]
[Site "Marseille"]
[Date "2011.12.26"]
[Round "1"]
[White "Graille, Michel"]
[Black "Noireaut, Hoan"]
[Result "1/2-1/2"]
[WhiteElo "1914"]
[BlackElo "1475"]
[PlyCount "62"]
[EventDate "2011.12.26"]
[EventType "swiss"]
[EventRounds "9"]
[EventCountry "FRA"]
[SourceTitle "CBM 146 Extra"]
[Source "ChessBase"]
[SourceDate "2012.02.29"]
[SourceVersion "1"]
[SourceVersionDate "2012.02.29"]
[SourceQuality "1"]

1. d4 Nf6 2. c4 g6 3. Nc3 Bg7 4. e4 d6 5. Bg5 0-0 6. Be2 a6 7. Qd2 Nbd7 8. Bh6 c5 9. Bxg7 Kxg7 10. d5 Rb8 11. a4 Qe8 12. Nf3 e6 13. dxe6 Qxe6 14. Rd1 Nxe4 15. Nxe4 Qxe4 16. Qxd6 Re8 17. Qd3 Qe7 18. Rd2 Nf6 19. Qd6 Bg4 20. Qxe7 Rxe7 21. 0-0 Rbe8 22. Bd1 b6 23. h3 Be6 24. b3 Bd7 25. Rd6 Re6 26. Rxe6 Rxe6 27. Re1 Rxe1+ 28. Nxe1 Bc6 29. f3 Nd7 30. Kf2 Kf6 31. Ke3 g5 1/2-1/2

[Event "Marseille op 2nd "]
[Site "Marseille"]
[Date "2009.12.29"]
[Round "8"]
[White "Noireaut, Hoan"]
[Black "Kaser, Simon"]
[Result "0-1"]
[WhiteElo "1590"]
[BlackElo "1691"]
[PlyCount "56"]
[EventDate "2009.12.26"]
[EventType "swiss"]
[EventRounds "9"]
[EventCountry "FRA"]
[SourceTitle "CBM 134 Extra"]
[Source "ChessBase"]
[SourceDate "2010.03.03"]
[SourceVersion "1"]
[SourceVersionDate "2010.03.03"]
[SourceQuality "1"]

1. d4 d5 2. Nf3 Nf6 3. Bf4 e6 4. e3 c5 5. c3 Nc6 6. Bd3 Be7 7. Ne5 0-0 8. Qf3 cxd4 9. exd4 a6 10. Qh3 g6 11. Qh6 Nh5 12. Be3 Bf6 13. Nxc6 bxc6 14. g4 Bg7 15. Qg5 Qxg5 16. Bxg5 Nf6 17. Nd2 Nxg4 18. h4 f6 19. Bf4 e5 20. dxe5 fxe5 21. Bg3 e4 22. Be2 e3 23. Nf3 exf2+ 24. Bxf2 Nxf2 25. Kxf2 Rb8 26. b3 Bxc3 27. Rac1 d4 28. Rhg1 Bd2 0-1

[Event "Marseille op 2nd "]
[Site "Marseille"]
[Date "2009.12.29"]
[Round "7"]
[White "Noireaut, Hoan"]
[Black "Massardo, Quentin"]
[Result "1-0"]
[WhiteElo "1590"]
[BlackElo "1330"]
[PlyCount "89"]
[EventDate "2009.12.26"]
[EventType "swiss"]
[EventRounds "9"]
[EventCountry "FRA"]
[SourceTitle "CBM 134 Extra"]
[Source "ChessBase"]
[SourceDate "2010.03.03"]
[SourceVersion "1"]
[SourceVersionDate "2010.03.03"]
[SourceQuality "1"]

1. d4 g6 2. Nf3 Bg7 3. Bf4 c5 4. c3 cxd4 5. cxd4 Nc6 6. e3 d6 7. Bc4 Nf6 8. Nbd2 Bg4 9. 0-0 0-0 10. h3 Bf5 11. Re1 Nb4 12. Bb3 Nd3 13. Rf1 Nxb2 14. Qe2 Bd3 15. Qe1 Bxf1 16. Qxf1 Qa5 17. a4 Qa6 18. Rb1 Qxf1+ 19. Kxf1 Nd3 20. Bg3 Rac8 21. Bc4 d5 22. Bxd3 Rc3 23. Ke2 b6 24. Ba6 Re8 25. Rb3 Rxb3 26. Nxb3 Ne4 27. Bh2 Nc3+ 28. Kd2 Ne4+ 29. Ke2 f6 30. Bb7 Kh8 31. Nc1 e5 32. Na2 exd4 33. Nxd4 f5 34. f3 Nc5 35. Bc6 Rd8 36. Nc3 Bxd4 37. exd4 Nb3 38. Be5+ Kg8 39. Bxd5+ Kf8 40. Bxb3 Rc8 41. d5 Re8 42. f4 g5 43. g3 h5 44. h4 gxf4 45. gxf4 1-0

[Event "Marseille op 2nd "]
[Site "Marseille"]
[Date "2009.12.27"]
[Round "4"]
[White "Noireaut, Hoan"]
[Black "Colandrea, Sauveur"]
[Result "0-1"]
[WhiteElo "1590"]
[BlackElo "1870"]
[PlyCount "46"]
[EventDate "2009.12.26"]
[EventType "swiss"]
[EventRounds "9"]
[EventCountry "FRA"]
[SourceTitle "CBM 134 Extra"]
[Source "ChessBase"]
[SourceDate "2010.03.03"]
[SourceVersion "1"]
[SourceVersionDate "2010.03.03"]
[SourceQuality "1"]

1. d4 Nf6 2. Nf3 e6 3. Bf4 c5 4. e3 cxd4 5. exd4 Nc6 6. Bd3 Nb4 7. Be2 Nbd5 8. Bg3 Ne4 9. c4 Bb4+ 10. Nbd2 Ndf6 11. 0-0 Nxg3 12. hxg3 0-0 13. Bd3 b6 14. a3 Be7 15. Ne5 Bb7 16. Qf3 Bxf3 17. Ndxf3 d6 18. Nc6 Qc7 19. Nb4 a5 20. Nc2 Ng4 21. Rfe1 Bf6 22. Re4 h5 23. Nh2 d5 0-1

[Event "Marseille op 2nd "]
[Site "Marseille"]
[Date "2009.12.26"]
[Round "2"]
[White "Noireaut, Hoan"]
[Black "Baroyan, Davit"]
[Result "1-0"]
[WhiteElo "1590"]
[BlackElo "1009"]
[PlyCount "49"]
[EventDate "2009.12.26"]
[EventType "swiss"]
[EventRounds "9"]
[EventCountry "FRA"]
[SourceTitle "CBM 134 Extra"]
[Source "ChessBase"]
[SourceDate "2010.03.03"]
[SourceVersion "1"]
[SourceVersionDate "2010.03.03"]
[SourceQuality "1"]

1. d4 d5 2. Nf3 Nc6 3. Bf4 Bf5 4. a3 h6 5. e3 e6 6. Bd3 Bxd3 7. Qxd3 Nf6 8. Nbd2 Nh5 9. Bg3 Nxg3 10. hxg3 Qd6 11. c4 dxc4 12. Qxc4 Na5 13. Qb5+ c6 14. Qxa5 b6 15. Qa6 g6 16. Rc1 g5 17. Ne5 f6 18. Qb7 Rb8 19. Qf7+ Kd8 20. Nxc6+ Kc8 21. Ne4 Qd5 22. Nb4+ Kd8 23. Nxd5 Rc8 24. Rxc8+ Kxc8 25. Qc7# 1-0